Seconde étude sur les colonnes ou monuments commémoratifs de découvertes portugaises en Afrique / (Record no. 153009)

MARC details
000 -LEADER
campo de control de longitud fija 00887nam a22002055i 4500
001 - NÚMERO DE CONTROL
campo de control 153009
003 - IDENTIFICADOR DE NÚMERO DE CONTROL
campo de control ES-MaACL
005 - FECHA Y HORA DE LA ÚLTIMA TRANSACCIÓN
campo de control 20230906204958.0
008 - DATOS DE LONGITUD FIJA--INFORMACIÓN GENERAL
campo de control de longitud fija 990122s1870 po |||| | fre d
100 1# - ENTRADA PRINCIPAL--NOMBRE DE PERSONA
Nombre de persona Castilho, Alexandre Magno de.
9 (RLIN) 126384
245 10 - MENCIÓN DEL TÍTULO
Título Seconde étude sur les colonnes ou monuments commémoratifs de découvertes portugaises en Afrique /
Mención de responsabilidad, etc. par Alexandre Magno de Castilho.
260 ## - PUBLICACIÓN, DISTRIBUCIÓN, ETC.
Lugar de publicación, distribución, etc. Lisbonne :
Nombre del editor, distribuidor, etc. [s.n.],
Fecha de publicación, distribución, etc. 1870 (
Fabricante Imp. de l'Académie Royale des Sciences)
300 ## - DESCRIPCIÓN FÍSICA
Extensión 116 p. ;
Dimensiones 23 cm.
490 1# - MENCIÓN DE SERIE
Mención de serie Études historico-géographiques
651 #4 - PUNTO DE ACCESO ADICIONAL DE MATERIA--NOMBRE GEOGRÁFICO
Nombre geográfico África-
Subdivisión general Descubrimientos y exploraciones-
-- Portugueses.
9 (RLIN) 172132
710 2# - ENTRADA AGREGADA--NOMBRE DE ENTIDAD CORPORATIVA
Nombre de entidad corporativa o nombre de jurisdicción como elemento de entrada Académie des sciences (Francia)
9 (RLIN) 1231
830 1# - PUNTO DE ACCESO ADICIONAL DE SERIE-TÍTULO UNIFORME
Título uniforme Études historico-géographiques
9 (RLIN) 221385
852 ## - LOCALIZACIÓN
Ubicación ES-MaACL
Número de control de estantería T-246-F-2
Nota libre - Enc. hol., falto de cub. original
-- - Enc. en un vol. facticio
Holdings
Estatus retirado Estado de pérdida Estado de daño No para préstamo Colección Biblioteca de origen Biblioteca actual Ubicación en estantería Fecha de adquisición Total de préstamos Signatura topográfica completa Código de barras Visto por última vez Precio de reemplazo Tipo de ítem Koha
        Colección de folletos Biblioteca del Ateneo de Madrid Biblioteca del Ateneo de Madrid Depósito folletos 17/01/2008   T-246-F-2 1159848 23/02/2023 23/02/2023 Folleto